[Event "Sao Bernardo do Campo LXSBC"]
[Site "Sao Bernardo do Campo"]
[Date "2018.11.23"]
[Round "1.4"]
[White "Freire, Leandro da Costa"]
[Black "Desideri, Ricardo Maruchi"]
[Result "0-1"]
[WhiteElo "1323"]
[BlackElo "1970"]
[PlyCount "80"]
[EventDate "2018.11.23"]
[EventType "swiss"]
[EventRounds "5"]
[EventCountry "BRA"]
[SourceTitle "EXT 2022"]
[Source "ChessBase"]
[SourceDate "2021.10.06"]
[SourceVersion "1"]
[SourceVersionDate "2021.10.06"]
[SourceQuality "1"]

1. e4 c5 2. Nf3 d6 3. d4 cxd4 4. Nxd4 Nf6 5. f3 a6 6. c4 e6 7. Nc3 Be7 8. Be3 b6 9. Qd2 Bb7 10. Be2 Nbd7 11. 0-0 0-0 12. Rfd1 Rc8 13. b3 Qc7 14. Rac1 Qb8 15. Bf1 Bd8 16. Qf2 Bc7 17. Na4 d5 18. cxd5 Bxh2+ 19. Kh1 Bg3 20. Qd2 Qe5 21. Bc4 b5 22. dxe6 bxa4 23. exd7 Qh5+ 24. Kg1 Rcd8 25. Nf5 Bh2+ 26. Kf1 Rxd7 27. Qe2 Bb8 28. Rxd7 Nxd7 29. Rd1 Ne5 30. Bxa6 Bxa6 31. Qxa6 Qh1+ 32. Bg1 Nxf3 33. gxf3 Qxf3+ 34. Ke1 Re8 35. Qe2 Qc3+ 36. Qd2 Rxe4+ 37. Ne3 Bg3+ 38. Kf1 Qc6 39. Qd8+ Re8 40. Qd3 Qf3+ 0-1

[Event "Sao Paulo Salles Cup 12th"]
[Site "Sao Paulo"]
[Date "2018.04.20"]
[Round "1"]
[White "Freire, Leandro da Costa"]
[Black "Triebe De Mello, Otto Carlos"]
[Result "0-1"]
[WhiteElo "1315"]
[BlackElo "1725"]
[PlyCount "76"]
[EventDate "2018.04.20"]
[EventType "swiss"]
[EventRounds "6"]
[EventCountry "BRA"]
[SourceTitle "CBM 184 Extra"]
[Source "ChessBase"]
[SourceDate "2018.06.28"]
[SourceVersion "1"]
[SourceVersionDate "2018.06.28"]
[SourceQuality "1"]

1. e4 e6 2. d4 d5 3. Nd2 Nf6 4. e5 Nfd7 5. Ngf3 c5 6. Be2 cxd4 7. Nb3 Nc6 8. Nbxd4 Ncxe5 9. Bb5 Nxf3+ 10. Qxf3 a6 11. Ba4 Qa5+ 12. Bd2 Qxa4 13. Qf4 e5 14. b3 Qxd4 15. Qxd4 exd4 16. 0-0 Nf6 17. Rfe1+ Be6 18. Bg5 Ne4 19. Rad1 Nxg5 20. Rxd4 Be7 21. Rc1 0-0 22. a4 Bc5 23. Rf4 Ne4 24. Kf1 Nc3 25. Re1 Rfe8 26. Rf3 d4 27. Re5 b6 28. a5 Bc4+ 29. bxc4 Rxe5 30. axb6 Bxb6 31. g3 Rae8 32. Kg2 a5 33. Rd3 a4 34. f4 Re2+ 35. Kh3 a3 36. Rf3 a2 37. Rf1 Re1 38. Rxe1 Rxe1 0-1

[Event "Sao Paulo SP ECP op 3rd"]
[Site "Sao Paulo"]
[Date "2017.11.18"]
[Round "4.14"]
[White "Freire, Leandro da Costa"]
[Black "De Oliveira, Daniel C Xavier"]
[Result "1-0"]
[WhiteElo "1303"]
[BlackElo "1663"]
[PlyCount "73"]
[EventDate "2017.11.17"]
[EventType "swiss"]
[EventRounds "6"]
[EventCountry "BRA"]
[SourceTitle "EXT 2022"]
[Source "ChessBase"]
[SourceDate "2021.10.06"]
[SourceVersion "1"]
[SourceVersionDate "2021.10.06"]
[SourceQuality "1"]

1. e4 e6 2. Nf3 d5 3. exd5 exd5 4. d4 Bd6 5. Bd3 Bg4 6. h3 Bh5 7. 0-0 Nc6 8. c3 Qd7 9. Re1+ Nge7 10. Nbd2 g5 11. Qb3 Na5 12. Qb5 Qxb5 13. Bxb5+ c6 14. Bd3 h6 15. g4 Bg6 16. Bxg6 fxg6 17. Ne5 Bxe5 18. Rxe5 Kd7 19. b3 h5 20. Ba3 Rae8 21. Rae1 Rh7 22. Nf3 hxg4 23. hxg4 b5 24. Nxg5 Rg7 25. Ne6 Rf7 26. Nc5+ Kd8 27. Bb4 Nc4 28. bxc4 bxc4 29. Nb7+ Kd7 30. Bxe7 Rfxe7 31. Rxe7+ Rxe7 32. Rxe7+ Kxe7 33. Kg2 Kd7 34. Kg3 Kc7 35. Nc5 Kb6 36. Kf4 g5+ 37. Kxg5 1-0

[Event "Sao Paulo op-C U1700 6th"]
[Site "Sao Paulo"]
[Date "2017.04.14"]
[Round "2"]
[White "Gomes, Jeferson Dionisio"]
[Black "Freire, Leandro da Costa"]
[Result "1-0"]
[WhiteElo "1454"]
[BlackElo "1322"]
[PlyCount "105"]
[EventDate "2017.04.14"]
[EventType "swiss"]
[EventRounds "6"]
[EventCountry "BRA"]
[SourceTitle "EXT 2019"]
[Source "ChessBase"]
[SourceDate "2018.10.10"]
[SourceVersion "1"]
[SourceVersionDate "2018.10.10"]
[SourceQuality "1"]

1. e4 c5 2. Nf3 d6 3. d4 cxd4 4. Nxd4 Nf6 5. Nc3 g6 6. Bc4 Bg7 7. 0-0 0-0 8. Be3 Nc6 9. a3 Ne5 10. Bb3 a6 11. Qd2 Qc7 12. Qe2 Ned7 13. f3 Nc5 14. Ba2 Bd7 15. Bf2 Na4 16. Nxa4 Bxa4 17. Rfe1 Rac8 18. b3 Bd7 19. c4 Qa5 20. Qb2 Bh6 21. b4 Qc7 22. Rab1 b5 23. cxb5 axb5 24. Re2 Bc1 25. Qb3 Qc3 26. Rc2 Qxb3 27. Rxb3 Rxc2 28. Nxc2 Rc8 29. Bb1 Be6 30. Rd3 Bc4 31. Rd1 Bb2 32. Bd4 Bxd4+ 33. Nxd4 Ra8 34. Nc6 Rxa3 35. Nxe7+ Kf8 36. Nc6 Ra1 37. Bc2 Rxd1+ 38. Bxd1 d5 39. e5 Nd7 40. f4 Kg7 41. Kf2 Nf8 42. g4 f6 43. Ke3 Ne6 44. h4 h5 45. f5 d4+ 46. Nxd4 Nxd4 47. Kxd4 gxf5 48. gxf5 fxe5+ 49. Kxe5 Kf7 50. Bxh5+ Ke7 51. f6+ Kf8 52. Bg6 Be2 53. h5 1-0

[Event "Sao Paulo Hebraica op 24th"]
[Site "Sao Paulo"]
[Date "2017.01.14"]
[Round "4"]
[White "Gelli, Jhonatan Henrique"]
[Black "Freire, Leandro da Costa"]
[Result "0-1"]
[WhiteElo "1258"]
[BlackElo "1282"]
[PlyCount "78"]
[EventDate "2017.01.13"]
[EventType "swiss"]
[EventRounds "6"]
[EventCountry "BRA"]
[SourceTitle "CBM 176 Extra"]
[Source "ChessBase"]
[SourceDate "2017.03.02"]
[SourceVersion "1"]
[SourceVersionDate "2017.03.02"]
[SourceQuality "1"]

1. e4 c5 2. Nf3 d6 3. d4 cxd4 4. Nxd4 Nf6 5. Nc3 g6 6. f3 Bg7 7. Be3 0-0 8. Qd2 Nc6 9. Nxc6 bxc6 10. Bc4 Nd7 11. Bb3 Ba6 12. 0-0-0 Qc7 13. g4 Ne5 14. Qg2 Nc4 15. Bxc4 Bxc4 16. Bd4 Bxd4 17. Rxd4 Be6 18. h4 Rab8 19. h5 g5 20. h6 Qb6 21. Rh5 Qxd4 22. Rxg5+ Kh8 23. Rg7 Qe3+ 24. Qd2 Qxd2+ 25. Kxd2 Rg8 26. Rxg8+ Rxg8 27. Ke3 Rg6 28. f4 Bxg4 29. f5 Rxh6 30. Kf4 Bh3 31. Kg5 Kg7 32. Nd1 f6+ 33. Kf4 Bf1 34. Ne3 Be2 35. c4 Rh2 36. b4 Bxc4 37. Nxc4 Rxa2 38. Na5 c5 39. bxc5 Rxa5 0-1

[Event "Sao Paulo Hebraica op 24th"]
[Site "Sao Paulo"]
[Date "2017.01.13"]
[Round "1"]
[White "Freire, Leandro da Costa"]
[Black "Jenidarchiche, Douglas Rodrigo"]
[Result "0-1"]
[WhiteElo "1282"]
[BlackElo "1861"]
[PlyCount "78"]
[EventDate "2017.01.13"]
[EventType "swiss"]
[EventRounds "6"]
[EventCountry "BRA"]
[SourceTitle "CBM 176 Extra"]
[Source "ChessBase"]
[SourceDate "2017.03.02"]
[SourceVersion "1"]
[SourceVersionDate "2017.03.02"]
[SourceQuality "1"]

1. e4 c5 2. Nf3 Nc6 3. d4 cxd4 4. Nxd4 g6 5. c4 Bg7 6. Be3 Nf6 7. f3 0-0 8. Nc3 Nxd4 9. Bxd4 d6 10. Be2 Bd7 11. 0-0 Bc6 12. Qd2 Nd7 13. Bxg7 Kxg7 14. b4 Qb6+ 15. Kh1 Qxb4 16. Qe3 Qc5 17. Qxc5 Nxc5 18. Nd5 Rae8 19. Rab1 Bxd5 20. cxd5 f5 21. exf5 Rxf5 22. Rfd1 Ref8 23. g4 Re5 24. Rd2 Rf4 25. Kg2 Ra4 26. Bb5 Ra3 27. Be2 a6 28. Rb6 Ree3 29. Bd1 Red3 30. Rxd3 Rxd3 31. Bb3 Kf6 32. f4 h5 33. gxh5 gxh5 34. Bc4 Rd2+ 35. Kg3 h4+ 36. Kxh4 Rxh2+ 37. Kg4 Rc2 38. Bb3 Rc3 39. Rb4 Rd3 0-1

[Event "Sao Paulo Schutt Cup 10th"]
[Site "Sao Paulo"]
[Date "2016.10.29"]
[Round "3"]
[White "Venelli, Luiz Gonzaga"]
[Black "Freire, Leandro da Costa"]
[Result "1-0"]
[WhiteElo "1753"]
[BlackElo "1306"]
[PlyCount "63"]
[EventDate "2016.10.28"]
[EventType "swiss"]
[EventRounds "6"]
[EventCountry "BRA"]
[SourceTitle "CBM 175 Extra"]
[Source "ChessBase"]
[SourceDate "2016.12.12"]
[SourceVersion "1"]
[SourceVersionDate "2016.12.12"]
[SourceQuality "1"]

1. f4 Nf6 2. Nf3 g6 3. e3 d6 4. Nc3 Bg7 5. Bc4 0-0 6. 0-0 Nc6 7. a3 e5 8. fxe5 dxe5 9. d3 Qe7 10. b4 Be6 11. Bxe6 Qxe6 12. Bb2 Bh6 13. Qe2 Nd5 14. Nxd5 Qxd5 15. e4 Qe6 16. b5 Na5 17. Bxe5 Qb6+ 18. d4 f6 19. Bg3 f5 20. Bf2 fxe4 21. Qxe4 Qxb5 22. Qe6+ Kh8 23. Ne5 Rae8 24. Qh3 Bf4 25. Nxg6+ Kg7 26. Nxf4 Rxf4 27. Qg3+ Kh8 28. Qxf4 b6 29. Bh4 Qd7 30. Bf6+ Kg8 31. Qg5+ Kf8 32. Be7# 1-0

[Event "Sao Bernardo do Campo op"]
[Site "Sao Bernardo do Campo"]
[Date "2016.07.23"]
[Round "4"]
[White "Freire, Leandro da Costa"]
[Black "Barbosa, Rayssa A Ichimura G"]
[Result "0-1"]
[WhiteElo "1296"]
[BlackElo "1549"]
[PlyCount "56"]
[EventDate "2016.07.22"]
[EventType "swiss"]
[EventRounds "6"]
[EventCountry "BRA"]
[SourceTitle "EXT 2017"]
[Source "ChessBase"]
[SourceDate "2016.10.25"]
[SourceVersion "1"]
[SourceVersionDate "2016.10.25"]
[SourceQuality "1"]

1. e4 d6 2. Nf3 Nf6 3. Bc4 Nxe4 4. Qe2 d5 5. Bd3 Nf6 6. Ne5 e6 7. c4 Bc5 8. 0-0 Qd6 9. Nc3 0-0 10. b3 Bd4 11. Nf3 Bc5 12. Bb2 Nbd7 13. Rfe1 Re8 14. Ne5 Bd4 15. Nxd7 Qxd7 16. g4 e5 17. g5 Ng4 18. Qf1 Bxf2+ 19. Kh1 Bxe1 20. Rxe1 e4 21. Bc2 Qd6 22. Qe2 c6 23. Bd1 e3 24. Qg2 Nf2+ 25. Kg1 d4 26. Nb1 Nd3 27. dxe3 Nxe1 28. Bxd4 Nxg2 0-1

[Event "Hebraica Xeque Mate op 1st"]
[Site "Hebraica"]
[Date "2016.06.11"]
[Round "3"]
[White "Itagyba, Renan Fortes"]
[Black "Freire, Leandro da Costa"]
[Result "1-0"]
[WhiteElo "1650"]
[BlackElo "1262"]
[PlyCount "87"]
[EventDate "2016.06.11"]
[EventType "swiss"]
[EventRounds "5"]
[EventCountry "BRA"]
[SourceTitle "CBM 173 Extra"]
[Source "ChessBase"]
[SourceDate "2016.08.29"]
[SourceVersion "1"]
[SourceVersionDate "2016.08.29"]
[SourceQuality "1"]

1. c4 e5 2. Nc3 Nf6 3. g3 Nc6 4. Bg2 Bd6 5. d3 0-0 6. Nf3 Bb4 7. 0-0 d5 8. cxd5 Nxd5 9. Nxd5 Qxd5 10. a3 Ba5 11. b4 Bb6 12. Bb2 f6 13. Nxe5 Qd6 14. Nxc6 bxc6 15. Rc1 Bd7 16. Qc2 Rae8 17. e3 Re6 18. d4 a5 19. Bh3 f5 20. Bxf5 Rxf5 21. Qxf5 Rxe3 22. Qg5 Re2 23. Bc3 Bxd4 24. Bxd4 Qxd4 25. Rcd1 Qc3 26. Rxd7 h6 27. Qxa5 Re1 28. Rd1 Re2 29. Qc5 Qf3 30. Qc4+ Kh7 31. Qd3+ Qxd3 32. Rxd3 Rc2 33. Ra1 c5 34. bxc5 Rxc5 35. a4 Ra5 36. Rb3 c6 37. Rb6 c5 38. Rb5 Ra8 39. Rxc5 g5 40. Rc6 Rg8 41. Rb1 Rg6 42. Rb7+ Rg7 43. Rxg7+ Kxg7 44. a5 1-0

[Event "Sao Bernardo do Campo LXSBC STD I"]
[Site "Sao Bernardo do Campo"]
[Date "2016.05.22"]
[Round "5.16"]
[White "Dutra, Liliam Guedes"]
[Black "Freire, Leandro da Costa"]
[Result "1-0"]
[WhiteElo "1586"]
[BlackElo "1208"]
[PlyCount "103"]
[EventDate "2016.05.20"]
[EventType "swiss"]
[EventRounds "6"]
[EventCountry "BRA"]
[SourceTitle "EXT 2022"]
[Source "ChessBase"]
[SourceDate "2021.10.06"]
[SourceVersion "1"]
[SourceVersionDate "2021.10.06"]
[SourceQuality "1"]

1. d4 Nf6 2. c4 g6 3. Nc3 Bg7 4. e4 d6 5. f3 0-0 6. Be3 Nbd7 7. Bd3 e5 8. d5 Nc5 9. Nge2 Nxd3+ 10. Qxd3 Ne8 11. 0-0 f5 12. Rab1 f4 13. Bf2 h5 14. Kh1 Qg5 15. Rg1 h4 16. Qd1 Qh5 17. Nc1 g5 18. Nd3 Rf6 19. h3 Rg6 20. b4 Nf6 21. Kh2 g4 22. fxg4 Nxg4+ 23. hxg4 Bxg4 24. Qe1 h3 25. g3 f3 26. Nd1 Bh6 27. Ne3 Rf8 28. Nxg4 Qxg4 29. Qf1 Qxe4 30. Nb2 Qg4 31. Qxh3 Qxh3+ 32. Kxh3 e4 33. Rbe1 Re8 34. Be3 Rf6 35. Rgf1 Bxe3 36. Rxe3 Rh6+ 37. Kg4 Re7 38. Kg5 Kh7 39. g4 Rg6+ 40. Kf4 Reg7 41. Kxe4 Rxg4+ 42. Kxf3 Rg3+ 43. Ke2 Rg2+ 44. Rf2 R7g3 45. Rxg3 Rxg3 46. Nd3 Rg4 47. Rf7+ Kg8 48. Rxc7 Re4+ 49. Kd2 Rd4 50. Kc3 Rg4 51. Rxb7 Rg1 52. Rxa7 1-0

[Event "Sao Paulo Salles Cup 7th"]
[Site "Sao Paulo"]
[Date "2016.03.18"]
[Round "1"]
[White "Freire, Leandro da Costa"]
[Black "De Castro, Andre Goncalves"]
[Result "0-1"]
[WhiteElo "1233"]
[BlackElo "1758"]
[PlyCount "90"]
[EventDate "2016.03.18"]
[EventType "swiss"]
[EventRounds "6"]
[EventCountry "BRA"]
[SourceTitle "CBM 171 Extra"]
[Source "ChessBase"]
[SourceDate "2016.04.26"]
[SourceVersion "1"]
[SourceVersionDate "2016.04.26"]
[SourceQuality "1"]

1. e4 d5 2. exd5 Nf6 3. Nf3 Nxd5 4. Bc4 Bg4 5. d4 e6 6. 0-0 Nc6 7. c3 Be7 8. Nbd2 0-0 9. Qc2 Bf6 10. Re1 Re8 11. Ne5 Bf5 12. Bd3 Bxd3 13. Qxd3 Bxe5 14. dxe5 Nf4 15. Qxd8 Rexd8 16. Nc4 Nd3 17. Re3 Ndxe5 18. Nd2 Nd3 19. f3 Nxc1 20. Rxc1 Rxd2 21. Rb1 Rad8 22. Ree1 Rc2 23. Rec1 Rxc1+ 24. Rxc1 Rd2 25. Rb1 Ne5 26. a4 Nc4 27. b3 Ne3 28. g4 Rg2+ 29. Kh1 Rf2 30. c4 c5 31. Kg1 Rxf3 32. g5 a5 33. h4 Nf5 34. Rd1 Nd4 35. h5 Rxb3 36. Kf2 Rb4 37. h6 Rxa4 38. Rb1 Rb4 39. Ra1 a4 40. Kg3 Rxc4 41. Rd1 a3 42. Kg4 a2 43. Kf4 a1Q 44. Rxa1 Nb3+ 45. Ke5 Nxa1 0-1